Za účinnejšiu svetonázorovú výchovu

Bibliographic Details
Main Author: Pocci, Vojtech, 1919-1983 (Author)
Format: Article
Language:Slovak
Subjects:

MARC

LEADER 00000nab a2200000 a 4500
001 vtls000134472
003 SK-MaSNL
005 20260304062026.0
008 250422c1982 xo 0 slo
015 |a SNBRB19rr/mm-uuuuu 
035 |a CL0144578 
035 |a urn:nbn:sk:snk-ab3jz 
035 |a (urnnbn)urn:nbn:sk:snk:ar-0044j1 
035 |a (uuid)a4f008d5-241a-43ae-b402-4438122ed1e3 
040 |a SNKBUCL  |b slo  |c SNKBUCL  |e AACR2 
041 0 |a slo 
044 |a xo  |c SK 
080 |a 37.03  |2 1981 
080 |a 140.8  |2 1981 
080 |a 141.45  |2 1981 
080 |a 141.82  |2 1981 
100 1 |a Pocci, Vojtech,  |d 1919-1983  |4 aut  |9 111717 
245 1 0 |a Za účinnejšiu svetonázorovú výchovu  |c V. Pocci 
650 0 7 |a výchova svetonázorová  |2 snkbucl  |9 494151 
650 0 7 |a výchova ateistická  |2 snkbucl  |9 924343 
655 7 |a články z novín a časopisov  |2 snkbucl  |9 267496 
773 0 |t Jednotná škola  |g Roč. 34, č. 9 (1982), s. 850-853 
850 |a Slovenská národná knižnica 
852 |a Slovenská národná knižnica 
954 |a odborná, vedecká literatúra pôvodná (slovenská)  |2 lita 
957 |a 5100 
958 |a article27 
958 |a OND 
958 |a RK 
958 |a EUIPO 
992 |a RBX 
999 |c 2736151  |d 2738081